Religion Quiz

Random Religion or Famous Quiz
Score 0/36 Timer 07:00
2 Plays Today
Hint Answer % Correct
.Identify each traditional dish of Jewish cuisine.
100%
.Answer these trivia questions about the Torah.
99.8%
.Name each film that focuses on Jewish culture.
99.8%
.Name the animal represented by each unusual menorah.
99.8%
.Identify each of these Jewish celebrities.
99.8%
.Answer the trivia about conflict in Israel's history.
99.8%
Tyrannosaurus Rex
84.3%
Tortoise
84.1%
Lion
83.8%
Hippopotamus
83.8%
Lobster
81.2%
.Jerusalem
80.8%
.Moses
80%
.The Ten Commandments
76%
.Fiddler on the Roof
75.5%
.Latke
69.1%
.Passover
68.9%
.Leviticus
65.3%
Hint Answer % Correct
.Lot
64.1%
.The Pianist
62.8%
.Mila Kunis
62.8%
.Light
62.7%
.Lox
61.4%
.Yom Kippur
59.5%
.Golda Meir
58%
.Challah
57%
.Yentl
54.5%
.Sinai
52.4%
.Sacha Baron Cohen
42.5%
.Zach Braff
40.2%
.Hanukkah Gelt
39.1%
.Yitzhak Rabin
38.3%
.Gal Gadot
36.3%
.Eight Crazy Nights
35.8%
.Gefilte Fish
32.9%
.Evan Rachel Wood
14.4%
Remove Ads.
Support Sporcle.
Get the best of Sporcle when you Go Orange. This ad-free experience offers more features, more stats, and more fun while also helping to support Sporcle. Thank you for becoming a member.

You're not logged in!

Compare scores with friends on all Sporcle quizzes.
OR
Log In

Show Comments

Extras

Top Quizzes Today


Score Distribution

Your Account Isn't Verified!

In order to create a playlist on Sporcle, you need to verify the email address you used during registration. Go to your Sporcle Settings to finish the process.

Report this User

Report this user for behavior that violates our Community Guidelines.

Details: